000 00635cam a2200217 4500500
005 20260329004511.0
041 _afre
042 _adc
100 1 0 _aPortevin, Catherine
_eauthor
245 0 0 _aPendant que j’y pense / Mars 2020
260 _c2020.
500 _a44
690 _aAnimal
690 _aBaptiste Morizot
690 _aFrédéric Jacques Temple
690 _aPoésie
690 _aTrace
690 _aVivant
786 0 _nPhilosophie magazine | 137 | 3 | 2020-03-01 | p. 44-44 | 1951-1787
856 4 1 _uhttps://shs.cairn.info/magazine-philosophie-magazine-2020-3-page-44?lang=fr&redirect-ssocas=7080
999 _c1834503
_d1834503